L'Olivera / per August Matons
Descripción Física:
124 p. : il. ; 24 cm
Colección:
Textos d'ensenyament postal agrícola
Materias:
Oliveres -- Conreu
MARC
| LEADER | 00000nam a2200000Ia 4500 | ||
|---|---|---|---|
| 001 | 401 | ||
| 008 | 160829s1923 xx 000 0 cat d | ||
| 710 | 2 | |a Catalunya. |b Mancomunitat |9 53015 | |
| 710 | 1 | |a Catalunya. |b Departament d'Agricultura |9 55594 | |
| 710 | 2 | |a Escola Superior d'Agricultura de Barcelona |9 70055 | |
| 952 | |0 0 |1 0 |4 0 |6 C1453 |7 1 |9 44142 |a Arxiu |b Arxiu |d 2016-12-01 |l 0 |o C-1-453 |p 401 |r 2016-12-01 00:00:00 |w 2016-12-01 |y ARXIU | ||
| 999 | |c 46722 |d 46722 | ||
| 080 | |a C-1-453 | ||
| 100 | |a Matons, August |9 20130 | ||
| 245 | |a L'Olivera / per August Matons | ||
| 260 | |a Barcelona : |b Escola Superior d'Agricultura, |c 1923 | ||
| 300 | |a 124 p. : |b il. ; |c 24 cm | ||
| 490 | |a Textos d'ensenyament postal agrícola | ||
| 590 | |a A la part superior de la portada: Mancomunitat de Catalunya. Departament d'Agricultura. | ||
| 590 | |a Hi ha un duplicat amb R. 401 a: DUP-259 | ||
| 650 | |a Oliveres |x Conreu |9 25084 | ||
| 901 | |a Arxiu | ||
| 942 | |n 1 |2 udc | ||